Các tác phẩm văn chương cổ và văn chương nước ngoài dạy ở lóp 8 và 9 CCGD Tài liệu dành cho chương trình bồi dưỡng thay sách CCGD và bồi dưỡng thường xuyên 1989 - 1990

Guardat en:
Dades bibliogràfiques
Autor principal: Nguyễn Đình Chủ (Biên soạn)
Altres autors: Nguyễn Hải Hà (biên soạn), Đặng Thanh Lê (biên soạn)
Format: Llibre
Publicat: [Kđ] Vụ đào tạo bồi dưỡng. Sở Giáo dục Khánh Hòa 1989
Matèries:
Etiquetes: Afegir etiqueta
Sense etiquetes, Sigues el primer a etiquetar aquest registre!
Thư viện lưu trữ: Trung tâm Học liệu Lê Vũ Hùng, Trường Đại học Đồng Tháp
LEADER 01170pam a22002538a 4500
001 00022863
005 20171026081025.0
008 110606s1989 ||||||Viesd
041 0 # |a Vie 
082 1 # |a 808.8  |b C101T 
100 0 # |a Nguyễn Đình Chủ  |e Biên soạn 
245 0 0 |a Các tác phẩm văn chương cổ và văn chương nước ngoài dạy ở lóp 8 và 9 CCGD  |b Tài liệu dành cho chương trình bồi dưỡng thay sách CCGD và bồi dưỡng thường xuyên 1989 - 1990  |c Nguyễn Đình Chủ, Nguyễn Hải Hà, Đặng Thanh Lê 
260 # # |a [Kđ]  |b Vụ đào tạo bồi dưỡng. Sở Giáo dục Khánh Hòa  |c 1989 
300 # # |a 145 tr.  |c 19 cm. 
653 # # |a Tác phẩm 
653 # # |a Văn chương cổ 
653 # # |a Văn học 
700 0 # |a Nguyễn Hải Hà  |e biên soạn 
700 0 # |a Đặng Thanh Lê  |e biên soạn 
852 # # |b Kho giáo trình  |j KGT.0023454 
852 # # |b Kho đọc  |j KD.0009290 
852 # # |j KD.0009290 
910 # # |a nhnam  |d 06/06/2011 
980 # # |a Trung tâm Học liệu Lê Vũ Hùng, Trường Đại học Đồng Tháp